Dancing with the nation : (Record no. 151822)

MARC details
000 -LEADER
fixed length control field 00596nam a22001937a 4500
005 - DATE AND TIME OF LATEST TRANSACTION
control field 20180502120637.0
010 ## - LCCN (DPL NO)
LC control number ENG-122849
020 ## - INTERNATIONAL STANDARD BOOK NUMBER
International Standard Book Number 9789386702906
Terms of availability 450.00
035 ## - SYSTEM CONTROL NUMBER
System control number EN-106381
037 ## - SOURCE OF ACQUISITION
Source of stock number/acquisition DBAD/PUB
082 ## - DEWEY DECIMAL CLASSIFICATION NUMBER
Classification number 384.80954
100 ## - MAIN ENTRY--PERSONAL NAME
Personal name Vanita, Ruth
245 ## - TITLE STATEMENT
Title Dancing with the nation :
Statement of responsibility, etc by Ruth Vanita
Remainder of title courtesans in bombay cinema /
260 ## - PUBLICATION, DISTRIBUTION, ETC. (IMPRINT)
Place of publication, distribution, etc New Delhi
Name of publisher, distributor, etc Speaking Tiger
Date of publication, distribution, etc 2017
270 ## - ADDRESS
Address 4381/4, Ansari Road, Daryaganj,
City New Delhi
Postal code 110002
300 ## - PHYSICAL DESCRIPTION
Extent 261p.
Dimensions 22cm(pbk)
Other physical details ill.
500 ## - GENERAL NOTE
General note It include index
942 ## - ADDED ENTRY ELEMENTS (KOHA)
Source of classification or shelving scheme Dewey Decimal Classification
Item type English Books
Call number suffix VAN
Classification part 384.80954
Holdings
Withdrawn status Lost status Not for loan Collection code Home library Current library Date acquired Source of acquisition Cost, normal purchase price Full call number Barcode Copy number Cost, replacement price Koha item type
      Non-fiction Shahdara Branch Shahdara Branch 02/05/2018 DBAD/PUB 450.00 384.80954 VAN EN-106381 1 450.00 English Books

© Delhi Public Library
Hit Counter
free hit counter